Dni comics. : Národná prehliadka kresieb a comics príbehov pôvodnej slovenskej autorskej tvorby 3. celoslovenské dni comics 1995. /
Uložené v:
| Ďalší autori: | |
|---|---|
| Médium: | Kniha |
| Jazyk: | Slovak |
| Vydané: |
Liptovský Mikuláš :
Regionálne kultúrne stredisko Liptovský Mikuláš,
1995
|
| Vydanie: | 1. vyd. |
| Témy: | |
| ISBN: |
8085154072 (brož.) |
| Fyzický popis: |
Nestr. |
| Tagy: |
Pridať tag
Žiadne tagy, Buďte prvý kto otaguje tento záznam!
|
Titul je dostupný aj v ... 

MARC
| LEADER | 00000nam a2200000 a 4500 | ||
|---|---|---|---|
| 001 | 000047421 | ||
| 003 | SVKK | ||
| 005 | 19990622000000.0 | ||
| 008 | 951113s1995 xo e sloo | ||
| 020 | |a 8085154072 (brož.) | ||
| 040 | |a SVKKK |b slo |c SVKKK |e AACR2 | ||
| 041 | 0 | |a slo | |
| 044 | |a xo |c SK | ||
| 080 | |a 75.056(437.6) |2 1997 | ||
| 080 | |a 061.4:75.056(437.6) |2 1997 | ||
| 245 | 0 | 0 | |a Dni comics. : |b Národná prehliadka kresieb a comics príbehov pôvodnej slovenskej autorskej tvorby 3. celoslovenské dni comics 1995. / |c Zost. Jaroslav Uhel |
| 250 | |a 1. vyd. | ||
| 260 | |a Liptovský Mikuláš : |b Regionálne kultúrne stredisko Liptovský Mikuláš, |c 1995 | ||
| 300 | |a Nestr. | ||
| 653 | 0 | |a komiksy |2 SVKKKPH | |
| 653 | 0 | |a výstavy |2 SVKKKPH | |
| 653 | 0 | |a katalógy |2 SVKKKPH | |
| 655 | 7 | |a katalógy výstav |2 SVKKKPH | |
| 700 | 1 | |a Uhel, Jaroslav |4 com | |
| 910 | |a svkkk | ||
| 919 | |a 80-85154-07-2 | ||
| 974 | |a MI |d 19960111 | ||
| 974 | |a KL |d 19951205 | ||
| 974 | |a MI |d 19990622 | ||
| 998 | |a BK | ||
| 090 | |g SCKHL |k Sklad Pribinova 2. posch. |a III.169928 |j 888810 |i 2720043663 |s Absenčne | ||